000 01053naa a22003137a 4500
001 BR9208134
003 BR-BrBNA
005 20240918180806.0
007 ta
008 230509b bl.||||| |||| 00| 0 por d
040 _aBR-BrBNA
_bpor
_cBiblioteca Nacional de Agricultura
041 _a(Pt)
072 _aF01; J11
_b1720
_b3520
090 _aF01 BR9208134
100 1 _aFerreira, F.A.
245 1 _aManejo da dormencia de bulbos de alho (Allium sativum L.)
260 3 _aVicosa, MG (Brasil):
_c1987.
500 _aCasali, V.W.D. Seminarios de Olericultura, v. 13 Vicosa, MG (Brasil): 1987. p. 1-50 (BR9208134-AM)F01
650 _aALHO
650 _aBULBO
650 _aDORMENCIA DA SEMENTE
650 _aARMAZENAMENTO
650 _aTEMPERATURA
650 _aUMIDADE
650 _aREGULADOR DE CRESCIMENTO
773 0 _tSeminarios de Olericultura, v. 13
_aCasali, V.W.D.. Universidade Federal de Vicosa, MG (Brasil)
_wF01 BR9208134
_gVicosa, MG (Brasil), 1987. p. 1-50
909 _a202404
_bLucia
_c55
_dLucia Elande
942 _cAM
_2AGRIS
999 _c322045
_d322045